000
00306pab a2200145 454500
008
180718b1995 xxu||||| |||| 00| 0 eng d
100
_a
Gujral, Satish
245
_a
Search for roots
260
_c
1995
300
_a
37-9
362
_a
Aug.
650
_a
Architecture
773
_a
Seminar
909
_a
3980
999
_c
3980
_d
3980